| 000 | 01357nam a2200409 i 4500 | ||
|---|---|---|---|
| 001 | DIGFCE1185 | ||
| 003 | NyNyDIG | ||
| 006 | m o d | ||
| 007 | cr ||||||||||| | ||
| 008 | 220720s2017 mx o 000 0 spa d | ||
| 035 | _a(OCoLC)1027170358 | ||
| 040 |
_aDGITA _beng _erda _epn _cDGITA |
||
| 020 |
_a9786071654526 _qeBook _qePub |
||
| 050 | 1 | 4 | _aK235 ebook |
| 082 | 0 | 4 | _a340.1 |
| 100 | 1 |
_aReyes, Alfonso, _d1889-1959, _eauthor. |
|
| 245 | 1 | 0 |
_aTeoría de la sanción / _cAlfonso Reyes. |
| 250 | _aPrimera edición electrónica. | ||
| 264 | 1 |
_aCiudad de México : _bFondo de Cultura Económica, _c2017. |
|
| 300 | _a1 online resource. | ||
| 336 |
_atext _btxt _2rdacontent |
||
| 337 |
_acomputer file _bc _2rdamedia |
||
| 338 |
_aonline resource _bcr _2rdacarrier |
||
| 347 |
_atext file _2rdaft |
||
| 347 | _bEPUB | ||
| 490 | 1 | _aCentzontle | |
| 588 | 0 | _aOnline resource; title from ePub title page (Digitalia, viewed July 27, 2022) | |
| 650 | 0 |
_aLaw _xPhilosophy. |
|
| 650 | 0 |
_aLaw _xMoral and ethical aspects. |
|
| 655 | 0 | _aElectronic books. | |
| 791 | 2 |
_aDigitalia (Firm), _edistributor. |
|
| 793 | 0 |
_gDigitalia eBook Collection: _aFondo de Cultura Económica |
|
| 830 | 0 | _aCentzontle. | |
| 856 | 4 | 0 |
_3Digitalia Hispánica _uhttps://www.digitaliapublishing.com/a/65068/ |
| 910 | _aPremium collection: 2022 | ||
| 942 | _cRAA | ||
| 999 |
_c260576 _d260576 |
||